[Event "Rome Accademia Winter"]
[Site "Rome"]
[Date "2010.02.13"]
[Round "2"]
[White "Lami, Damiano"]
[Black "Pica, Livia"]
[Result "1-0"]
[WhiteElo "1479"]
[BlackElo "1379"]
[PlyCount "175"]
[EventDate "2010.02.12"]
[EventType "swiss"]
[EventRounds "5"]
[EventCountry "ITA"]
[SourceTitle "EXT 2024"]
[Source "ChessBase"]
[SourceDate "2023.10.10"]
[SourceVersion "1"]
[SourceVersionDate "2023.10.10"]
[SourceQuality "1"]

1. e4 e5 2. Nf3 Nc6 3. Bb5 Nf6 4. 0-0 d6 5. Re1 Be7 6. d4 Bd7 7. d5 Nb8 8. Bxd7+ Nbxd7 9. c4 0-0 10. Nc3 Re8 11. h3 Nf8 12. Be3 Ng6 13. Qc2 Nh5 14. Ne2 Qd7 15. Ng3 Nhf4 16. Bxf4 Nxf4 17. Ne2 Ng6 18. Kh2 Nh4 19. Nxh4 Bxh4 20. g3 Bg5 21. Rg1 Bh6 22. Qd3 Qe7 23. Qf3 Rf8 24. g4 Bg5 25. Ng3 Bf4 26. Kg2 g6 27. Rh1 Qh4 28. Ne2 Bh6 29. Qg3 Qg5 30. Rad1 Bg7 31. h4 Qe7 32. h5 Bf6 33. Rh3 Kg7 34. Rdh1 g5 35. h6+ Kh8 36. Qf3 Qd8 37. Ng3 Be7 38. Nh5 f6 39. Qf5 Rf7 40. Ng7 Qg8 41. Ne6 c6 42. Rb3 Bd8 43. Rh5 cxd5 44. cxd5 Rc8 45. Rf3 Be7 46. Rxg5 fxg5 47. Qxf7 Qxf7 48. Rxf7 Re8 49. Ng7 Kg8 50. Rf3 Rc8 51. Rc3 Rc5 52. Rxc5 dxc5 53. Nf5 Kf7 54. d6 Bd8 55. b3 Ke6 56. Kf3 b5 57. Ke3 a5 58. a4 c4 59. axb5 cxb3 60. Kd3 a4 61. Kc3 Ba5+ 62. Kb2 Bb4 63. Ne3 Bxd6 64. Nc4 Bc5 65. f3 Bd4+ 66. Ka3 Kd7 67. Nd2 Kc7 68. Kxa4 b2 69. Kb3 Kb6 70. Nc4+ Kxb5 71. Nxb2 Bxb2 72. Kxb2 Kc5 73. Kc3 Kd6 74. Kb4 Ke6 75. Kc5 Ke7 76. Kd5 Kf6 77. Kd6 Kg6 78. Kxe5 Kxh6 79. Kf5 Kg7 80. Kxg5 h6+ 81. Kh5 Kh7 82. e5 Kg7 83. e6 Kf6 84. Kxh6 Kxe6 85. g5 Kf7 86. g6+ Kg8 87. g7 Kf7 88. Kh7 1-0